000 00736nam a2200217Ii 4500
003 JO-AjNU
008 230605s9999||||xx |||||||||||||| ||und||
017 _a1998/8981
020 _a977-293-014-2
040 _aJO-AjNU
_bara
_erda
_cJO-AjNU
041 _aara
050 1 4 _aZ670.M83 1998
100 3 _aعبد الهادي ، محمد فتحي ,
_eauthor
_952929
245 0 0 _aالمكتبات والمعلومات العربية بين الواقع والمستقبل
264 3 1 _aالقاهرة :مكتبة الدار العربية للكتاب ،1998
300 _a208ص
336 _atext
_btxt
_2rdacontent
337 _aunmediated
_bn
_2rdamedia
338 _avolume
_bnc
_2rdacarrier
650 4 _aالمكتبات
_952930
999 _aA23475
_c27043
_d27043